LIBRARY & INFORMATION CENTRE, KCAET, TAVANUR

ONLINE PUBLIC ACCESS CATALOGUE (OPAC)

HACCP:A practical approach / (Record no. 4811)

MARC details
000 -LEADER
fixed length control field 00434cam a2200169ua 4500
041 ## - LANGUAGE CODE
Language code of text/sound track or separate title eng
082 ## - DEWEY DECIMAL CLASSIFICATION NUMBER
Classification number 664.07
Item number MOR/HA
100 ## - MAIN ENTRY--AUTHOR NAME
Personal name Mortimore, Sara .
245 ## - TITLE STATEMENT
Title HACCP:A practical approach /
260 ## - PUBLICATION, DISTRIBUTION, ETC. (IMPRINT)
Place of publication London :
Name of publisher Chapman and Hall Ltd ,
Year of publication 1995.
300 ## - PHYSICAL DESCRIPTION
Number of Pages 297 ; .
500 ## - GENERAL NOTE
General note 19877 Reference
700 1# - ADDED ENTRY--PERSONAL NAME
Personal name Wallace, Carol .
942 ## - ADDED ENTRY ELEMENTS (KOHA)
Koha item type Books
Holdings
Withdrawn status Lost status Damaged status Home library Current library Shelving location Date acquired Full call number Accession Number Koha item type
      KAUAET KAUAET Reference1 07/04/2012 664.07 19877 Reference
free website counter